[Event "IECC O email"]
[Site "IECC email"]
[Date "2002.06.03"]
[Round "?"]
[White "Ohannaidh, Eoin"]
[Black "Wozniak, Zbigniew"]
[Result "0-1"]
[WhiteElo "1017"]
[BlackElo "1181"]
[PlyCount "40"]
[EventDate "2002.??.??"]
[EventType "tourn (corr)"]
[EventRounds "6"]
[SourceTitle "Corr 2008"]
[Source "ChessBase"]
[SourceDate "2008.06.24"]
[SourceVersion "1"]
[SourceVersionDate "2008.06.24"]
[SourceQuality "1"]

1. e4 c5 2. Bc4 e6 3. Nc3 Nc6 4. Nf3 Nf6 5. Ng5 a6 6. a3 b5 7. Ba2 Bb7 8. d3 Be7 9. Nxf7 Kxf7 10. Bf4 Rf8 11. e5 Ne8 12. 0-0 Kg8 13. Qg4 Nd4 14. Rac1 h5 15. Qg3 b4 16. axb4 cxb4 17. Rfe1 bxc3 18. bxc3 Nf5 19. Qh3 Nh4 20. f3 Rxf4 0-1

[Event "IECC O email"]
[Site "IECC email"]
[Date "2001.08.26"]
[Round "?"]
[White "Skoric, Nikola"]
[Black "Ohannaidh, Eoin"]
[Result "0-1"]
[WhiteElo "1002"]
[BlackElo "1000"]
[PlyCount "64"]
[EventDate "2001.??.??"]
[EventType "tourn (corr)"]
[EventRounds "6"]
[SourceTitle "Corr 2008"]
[Source "ChessBase"]
[SourceDate "2008.06.24"]
[SourceVersion "1"]
[SourceVersionDate "2008.06.24"]
[SourceQuality "1"]

1. e4 c5 2. Nf3 d6 3. Bb5+ Bd7 4. a4 Nc6 5. d4 cxd4 6. Nxd4 e6 7. c3 Nf6 8. Nd2 Be7 9. 0-0 0-0 10. Re1 e5 11. Nf5 a6 12. Bxc6 bxc6 13. c4 Re8 14. Nf1 Bf8 15. Re2 Be6 16. Ra3 Bxc4 17. Ree3 Be6 18. Rg3 Nxe4 19. Qg4 Nxg3 20. Rxg3 Qf6 21. N1e3 a5 22. h4 Rab8 23. Bd2 Rxb2 24. Bxa5 Rb3 25. Bb6 Rxb6 26. a5 Rb3 27. h5 Bxf5 28. Nxf5 Rxg3 29. Nxg3 d5 30. Nf5 e4 31. h6 g6 32. Ne3 Bxh6 0-1